<?xml version="1.0" encoding="UTF-8"?>
<record
    xmlns:xsi="http://www.w3.org/2001/XMLSchema-instance"
    xsi:schemaLocation="http://www.loc.gov/MARC21/slim http://www.loc.gov/standards/marcxml/schema/MARC21slim.xsd"
    xmlns="http://www.loc.gov/MARC21/slim">

  <leader>00405cam a2200145I  4500</leader>
  <datafield tag="040" ind1=" " ind2=" ">
    <subfield code="c">YNG</subfield>
  </datafield>
  <datafield tag="082" ind1=" " ind2=" ">
    <subfield code="a">332 ETY 1968 C324 Or.</subfield>
  </datafield>
  <datafield tag="100" ind1="1" ind2=" ">
    <subfield code="a">Skeat, Walter W.</subfield>
  </datafield>
  <datafield tag="245" ind1="1" ind2="3">
    <subfield code="a">An etymological dictionary of the English language / </subfield>
  </datafield>
  <datafield tag="250" ind1=" " ind2=" ">
    <subfield code="a">New ed. rev. and enl</subfield>
  </datafield>
  <datafield tag="260" ind1=" " ind2=" ">
    <subfield code="a">Oxford : </subfield>
    <subfield code="b">Clarendon Press,</subfield>
    <subfield code="c">[1968, 1882]</subfield>
  </datafield>
  <datafield tag="300" ind1=" " ind2=" ">
    <subfield code="a">xliv, 780 p. ; </subfield>
    <subfield code="c">28 cm</subfield>
  </datafield>
  <datafield tag="650" ind1=" " ind2="0">
    <subfield code="a">English language</subfield>
  </datafield>
  <datafield tag="942" ind1=" " ind2=" ">
    <subfield code="c">AEDBB</subfield>
  </datafield>
  <datafield tag="999" ind1=" " ind2=" ">
    <subfield code="c">22239</subfield>
    <subfield code="d">22239</subfield>
  </datafield>
  <datafield tag="952" ind1=" " ind2=" ">
    <subfield code="0">0</subfield>
    <subfield code="1">0</subfield>
    <subfield code="4">0</subfield>
    <subfield code="6">332_000000000000000_ETY_1968_C324_OR</subfield>
    <subfield code="7">0</subfield>
    <subfield code="9">96560</subfield>
    <subfield code="a">LBC</subfield>
    <subfield code="b">LBC</subfield>
    <subfield code="c">C324</subfield>
    <subfield code="d">2023-11-22</subfield>
    <subfield code="o">332 ETY 1968 C324 Or.</subfield>
    <subfield code="p">a23948</subfield>
    <subfield code="r">2023-11-22</subfield>
    <subfield code="w">2023-11-22</subfield>
    <subfield code="y">AEDBB</subfield>
  </datafield>
</record>
